000 00981cam a2200265 4500
008 090401t1993 xxu||||| |||| 00| 0 eng d
020 _a0471569100
035 _a(Sirsi) u69018
041 _aeng
050 _a725.54
100 _aLebovich, William L.
245 _aDesign for dignity : studies in accessibility.
260 _aNew York
_bJohn Wiley & Sons
_c1993
300 _axvi,253p. : ill. ; 30cm.
350 _a52
520 _aThrough the use of case studies, examines improvements in building design to promote disabled access. Cover page entitled: Design for Dignity : Accessible Environments for People with Disabilities.
650 _aBUILT ENVIRONMENT-CONSTRUCTION DESIGN
650 _aMANAGEMENT-BUSINESS MANAGEMENT-DISCRIMINATION-DISABILITY DISCRIMINATION-ACCESSIBILITY
650 _aDISABLED PEOPLE
650 _aHOUSING DESIGN
650 _aOFFICE DESIGN
690 _aBUILT ENVIRONMENT-CONSTRUCTION DESIGN
942 _n0
948 _c04/03/1997
999 _c95149
_d95149